<?xml version="1.0" encoding="UTF-8"?>
<record
    xmlns:xsi="http://www.w3.org/2001/XMLSchema-instance"
    xsi:schemaLocation="http://www.loc.gov/MARC21/slim http://www.loc.gov/standards/marcxml/schema/MARC21slim.xsd"
    xmlns="http://www.loc.gov/MARC21/slim">

  <leader>00958nam a2200229 a 4500</leader>
  <controlfield tag="001">60380</controlfield>
  <controlfield tag="003">BD-RjUL</controlfield>
  <controlfield tag="005">20211209080830.0</controlfield>
  <controlfield tag="008">161231s2015    bg ||||| |||| 00| 0 ben d</controlfield>
  <datafield tag="020" ind1=" " ind2=" ">
    <subfield code="c">: TK 110.00 </subfield>
  </datafield>
  <datafield tag="035" ind1=" " ind2=" ">
    <subfield code="a">(BD-RjUL)60504</subfield>
  </datafield>
  <datafield tag="040" ind1=" " ind2=" ">
    <subfield code="a">BD-RjUL</subfield>
    <subfield code="b">ben </subfield>
    <subfield code="c">BD-RjUL</subfield>
  </datafield>
  <datafield tag="041" ind1=" " ind2=" ">
    <subfield code="a">ben </subfield>
  </datafield>
  <datafield tag="082" ind1=" " ind2=" ">
    <subfield code="2">23 </subfield>
    <subfield code="a">922.97 </subfield>
    <subfield code="b">AHS 2015 </subfield>
  </datafield>
  <datafield tag="100" ind1=" " ind2=" ">
    <subfield code="a">&#x986;&#x9B9;&#x9AE;&#x9A6;, &#x9AE;&#x9C1;&#x9B6;&#x9A4;&#x9BE;&#x995; </subfield>
    <subfield code="9">175786</subfield>
  </datafield>
  <datafield tag="245" ind1="1" ind2="0">
    <subfield code="a">&#x9B6;&#x9BE;&#x9AF;&#x9BC;&#x996;&#x9C1;&#x9B2; &#x987;&#x9B8;&#x9B2;&#x9BE;&#x9AE; &#x9B8;&#x9BE;&#x9AF;&#x9BC;&#x9CD;&#x9AF;&#x9BF;&#x9A6; &#x9B9;&#x9C1;&#x9B8;&#x9BE;&#x987;&#x9A8; &#x986;&#x9B9;&#x9AE;&#x9A6; &#x9AE;&#x9BE;&#x9A6;&#x9BE;&#x9A8;&#x9C0; &#x9B0;&#x9B9;&#x9AE;&#x9BE;&#x9A4;&#x9C1;&#x9B2;&#x9CD;&#x9B2;&#x9BE;&#x9B9;&#x9BF; &#x986;&#x9B2;&#x9BE;&#x987;&#x9B9;&#x9BF; &#x9E7;&#x9EE;&#x9ED;&#x9EF;-&#x9E7;&#x9EF;&#x9EB;&#x9ED; / </subfield>
    <subfield code="c">&#x9AE;&#x9C1;&#x9B6;&#x9A4;&#x9BE;&#x995; &#x9B9;&#x9C1;&#x9B8;&#x9BE;&#x987;&#x9A8; </subfield>
  </datafield>
  <datafield tag="260" ind1=" " ind2=" ">
    <subfield code="a">&#x9A2;&#x9BE;&#x995;&#x9BE; :</subfield>
    <subfield code="b">&#x987;&#x9B8;&#x9B2;&#x9BE;&#x9AE;&#x9BF;&#x995; &#x9AB;&#x9BE;&#x989;&#x9A8;&#x9CD;&#x9A1;&#x9C7;&#x9B6;&#x9A8;, </subfield>
    <subfield code="c">&#x9E8;&#x9E6;&#x9E7;&#x9EB; </subfield>
  </datafield>
  <datafield tag="300" ind1=" " ind2=" ">
    <subfield code="a">&#x9EB;&#x9E6;&#x9EE; &#x9AA;&#x9C3;. ; </subfield>
    <subfield code="c">&#x9E8;&#x9E7; &#x9B8;&#x9C7;&#x9AE;&#x9BF;. </subfield>
  </datafield>
  <datafield tag="650" ind1=" " ind2=" ">
    <subfield code="a">&#x987;&#x9B8;&#x9B2;&#x9BE;&#x9AE; &#x9A7;&#x9B0;&#x9CD;&#x9AE;&#x9C7;&#x9B0; &#x985;&#x9A8;&#x9C1;&#x9B8;&#x9BE;&#x9B0;&#x9C0;</subfield>
    <subfield code="9">179692</subfield>
  </datafield>
  <datafield tag="650" ind1=" " ind2=" ">
    <subfield code="a">Adherent of Islam </subfield>
    <subfield code="9">179693</subfield>
  </datafield>
  <datafield tag="942" ind1=" " ind2=" ">
    <subfield code="2">ddc</subfield>
    <subfield code="c">BK</subfield>
    <subfield code="0">1</subfield>
  </datafield>
  <datafield tag="999" ind1=" " ind2=" ">
    <subfield code="c">60380</subfield>
    <subfield code="d">60380</subfield>
  </datafield>
  <datafield tag="952" ind1=" " ind2=" ">
    <subfield code="0">0</subfield>
    <subfield code="1">0</subfield>
    <subfield code="2">ddc</subfield>
    <subfield code="4">0</subfield>
    <subfield code="7">0</subfield>
    <subfield code="8">NFIC</subfield>
    <subfield code="a">RUCL</subfield>
    <subfield code="b">RUCL</subfield>
    <subfield code="c">Stack</subfield>
    <subfield code="d">2012-04-02</subfield>
    <subfield code="e">Islami foundation, Rajshahi</subfield>
    <subfield code="g">110.00</subfield>
    <subfield code="l">1</subfield>
    <subfield code="o">B 922.97  AHS 2015</subfield>
    <subfield code="r">2017-02-13 00:00:00</subfield>
    <subfield code="s">2016-12-31</subfield>
    <subfield code="t">C-2</subfield>
    <subfield code="w">2016-12-31</subfield>
    <subfield code="y">BK</subfield>
  </datafield>
</record>
